[Event "Charlotte IM-C MLK 2022"]
[Site "Charlotte"]
[Date "2022.01.14"]
[Round "1.1"]
[White "Vanapalli, Vishnu"]
[Black "Fishbein, Mitch"]
[Result "1-0"]
[WhiteElo "2101"]
[BlackElo "2129"]
[Annotator "NA"]
[PlyCount "67"]
[EventDate "2022.01.13"]
[EventType "tourn"]
[EventCountry "USA"]
[SourceTitle "playchess.com"]
[Source "ChessBase"]
[SourceQuality "1"]
[TimeControl "5400+30"]

1. e4 {[%emt 0:00:46]} e5 {[%emt 0:00:06]} 2. Nf3 {[%emt 0:00:17]} Nc6 {[%emt 0:00:08]} 3. Bc4 {[%emt 0:00:16]} Bc5 {[%emt 0:00:46]} 4. c3 {[%emt 0:00:14]} Nf6 {[%emt 0:00:48]} 5. d3 {[%emt 0:00:13]} O-O {[%emt 0:00:20]} 6. O-O {[%emt 0:00:13]} d5 {[%emt 0:00:38]} 7. exd5 {[%emt 0:00:13]} Nxd5 {[%emt 0:00:08]} 8. a4 {[%emt 0:00:18]} Bf5 {[%emt 0:07:00]} 9. Re1 {[%emt 0:07:37]} Nb6 {[%emt 0:41:48]} 10. Bb5 {[%emt 0:11:55]} Qd5 {[%emt 0:14:53]} 11. Bxc6 {[%emt 0:14:45]} Qxc6 $16 {[%emt 0:01:17]} 12. Nxe5 {[%emt 0:01:03]} Qf6 {[%emt 0:04:02]} 13. Nd2 {[%emt 0:05:15]} Bd6 {[%emt 0:02:07]} 14. Ndf3 {[%emt 0:01:16]} h6 {[%emt 0:01:54]} 15. d4 {[%emt 0:08:15]} Rfe8 {[%emt 0:01:00]} 16. a5 {[%emt 0:10:28]} Nd7 {[%emt 0:03:03]} 17. Bf4 {[%emt 0:02:46]} Nf8 {[%emt 0:03:57]} 18. Bg3 {[%emt 0:01:15]} Rad8 {[%emt 0:01:28]} 19. a6 {[%emt 0:07:36]} b6 {[%emt 0:02:12]} 20. Nc6 {[%emt 0:03:20]} Rxe1+ {[%emt 0:03:27]} 21. Qxe1 {[%emt 0:01:38]} Bxg3 {[%emt 0:02:38]} 22. Nxd8 {[%emt 0:01:20]} Bf4 {[%emt 0:00:51]} 23. Nb7 {[%emt 0:05:48]} Ne6 {[%emt 0:02:20]} 24. d5 {[%emt 0:03:15]} Ng5 {[%emt 0:01:32]} 25. Nxg5 {[%emt 0:03:46]} hxg5 {[%emt 0:00:16]} 26. Qe8+ {[%emt 0:01:37]} Kh7 {[%emt 0:00:04]} 27. Nd8 {[%emt 0:00:41]} Bg6 {[%emt 0:01:35]} 28. Re1 {[%emt 0:02:00]} Qf5 {[%emt 0:01:01]} 29. Nc6 {[%emt 0:01:36]} f6 {[%emt 0:02:41]} 30. Qe6 {[%emt 0:01:07]} Bd6 {[%emt 0:00:53]} 31. Qxf5 {[%emt 0:00:28]} Bxf5 {[%emt 0:00:03]} 32. Nxa7 {[%emt 0:00:12]} Bd3 {[%emt 0:00:09]} 33. Nb5 {[%emt 0:00:31]} Bc4 {[%emt 0:00:12]} 34. Nxd6 {[%emt 0:05:30]} 1-0

[Event "Charlotte IM-C MLK 2022"]
[Site "Charlotte"]
[Date "2022.01.14"]
[Round "1.2"]
[White "Sethuraman, Sandeep"]
[Black "Adewumi, Tanitoluwa"]
[Result "0-1"]
[WhiteElo "2361"]
[BlackElo "2136"]
[Annotator "ChessBase"]
[PlyCount "84"]
[EventDate "2022.01.13"]
[EventType "tourn"]
[EventCountry "USA"]
[SourceTitle "playchess.com"]
[Source "ChessBase"]
[SourceQuality "1"]
[TimeControl "5400+30"]

1. d4 {[%emt 0:00:02]} Nf6 {[%emt 0:00:09]} 2. c4 {[%emt 0:00:03]} e6 {[%emt 0:00:04]} 3. Nc3 {[%emt 0:00:05]} Bb4 {[%emt 0:00:06]} 4. Qc2 {[%emt 0:00:05]} O-O {[%emt 0:00:05]} 5. Nf3 {[%emt 0:00:06]} d6 {[%emt 0:00:25]} 6. Bd2 {[%emt 0:01:16]} b6 {[%emt 0:01:33]} 7. e4 {[%emt 0:08:22]} c5 {[%emt 0:02:17]} 8. a3 {[%emt 0:08:30]} Ba5 {[%emt 0:01:06]} 9. Bd3 {[%emt 0:04:30]} Nc6 {[%emt 0:04:14]} 10. d5 {[%emt 0:09:54]} Ne7 {[%emt 0:03:17]} 11. O-O {[%emt 0:00:11]} Bxc3 {[%emt 0:00:10]} 12. Bxc3 {[%emt 0:01:10]} e5 {[%emt 0:01:40]} 13. Nh4 {[%emt 0:17:32]} Nh5 {[%emt 0:01:50]} 14. g3 {[%emt 0:02:23]} Bh3 {[%emt 0:02:07]} 15. Rfe1 {[%emt 0:03:46]} g6 {[%emt 0:03:19]} 16. Qd2 {[%emt 0:05:25]} Qd7 {[%emt 0:03:12]} 17. Qg5 {[%emt 0:05:09]} f6 {[%emt 0:05:27]} 18. Qh6 {[%emt 0:00:12]} Ng7 {[%emt 0:00:57]} 19. Qe3 {[%emt 0:03:45]} g5 {[%emt 0:00:15]} 20. Nf3 {[%emt 0:03:30]} h6 {[%emt 0:02:52]} 21. Kh1 {[%emt 0:03:16]} f5 {[%emt 0:01:39]} 22. Ng1 {[%emt 0:01:03]} Bg4 {[%emt 0:01:02]} 23. exf5 {[%emt 0:01:27]} Bxf5 {[%emt 0:00:30]} 24. Bf1 {[%emt 0:01:01]} Bh7 {[%emt 0:02:20]} 25. Bh3 {[%emt 0:03:59]} g4 {[%emt 0:01:02]} 26. Bg2 {[%emt 0:00:03]} Nef5 {[%emt 0:00:10]} 27. Qd2 {[%emt 0:00:33]} Rf6 {[%emt 0:00:41]} 28. f4 {[%emt 0:04:33]} gxf3 {[%emt 0:00:03]} 29. Nxf3 {[%emt 0:00:10]} Raf8 {[%emt 0:00:41]} 30. Nxe5 {[%emt 0:03:00]} dxe5 {[%emt 0:00:13]} 31. Bxe5 {[%emt 0:00:07]} R6f7 {[%emt 0:00:55]} 32. d6 {[%emt 0:02:05]} Bg6 {[%emt 0:03:34]} 33. Bd5 {[%emt 0:02:31]} Kh7 {[%emt 0:00:23]} 34. Bxf7 {[%emt 0:00:43]} Rxf7 {[%emt 0:00:43]} 35. Rad1 {[%emt 0:01:10]} Ne6 {[%emt 0:00:12]} 36. Qd5 {[%emt 0:01:23]} Bh5 {[%emt 0:02:40]} 37. Rd3 {[%emt 0:01:57]} Bg4 {[%emt 0:01:30]} 38. Qe4 {[%emt 0:00:56]} h5 {[%emt 0:02:07]} 39. Rf1 {[%emt 0:01:23]} Ng5 {[%emt 0:00:24]} 40. Qe1 {[%emt 0:01:23]} Qe6 {[%emt 0:02:12]} 41. b3 {[%emt 0:01:42]} Nd4 {[%emt 0:01:12]} 42. Rxf7+ {[%emt 0:00:38]} Qxf7 {[%emt 0:01:36]} 0-1

[Event "Charlotte IM-C MLK 2022"]
[Site "Charlotte"]
[Date "2022.01.14"]
[Round "1.3"]
[White "Ngo, Bach"]
[Black "Wu, Derek"]
[Result "1/2-1/2"]
[WhiteElo "2300"]
[BlackElo "2158"]
[Annotator "ChessBase"]
[PlyCount "183"]
[EventDate "2022.01.13"]
[EventType "tourn"]
[EventCountry "USA"]
[SourceTitle "playchess.com"]
[Source "ChessBase"]
[SourceQuality "1"]
[TimeControl "5400+30"]

1. d4 {[%emt 0:00:04]} Nf6 {[%emt 0:00:05]} 2. Nf3 {[%emt 0:00:06]} g6 {[%emt 0:00:06]} 3. Nc3 {[%emt 0:00:05]} d5 {[%emt 0:00:11]} 4. Bf4 {[%emt 0:00:09]} Bg7 {[%emt 0:00:08]} 5. Nb5 {[%emt 0:00:06]} Na6 {[%emt 0:00:07]} 6. e3 {[%emt 0:00:08]} O-O {[%emt 0:00:25]} 7. h3 {[%emt 0:00:07]} Ne4 {[%emt 0:01:02]} 8. c3 {[%emt 0:00:41]} c6 {[%emt 0:00:32]} 9. Na3 {[%emt 0:00:11]} Qb6 {[%emt 0:00:51]} 10. Qb3 {[%emt 0:03:41]} f6 {[%emt 0:01:02]} 11. Be2 {[%emt 0:01:12]} e5 {[%emt 0:00:35]} 12. Bh2 {[%emt 0:00:21]} exd4 {[%emt 0:01:00]} 13. exd4 {[%emt 0:02:08]} Re8 {[%emt 0:00:37]} 14. O-O {[%emt 0:25:38]} Nd2 {[%emt 0:00:49]} 15. Qxb6 {[%emt 0:00:37]} axb6 {[%emt 0:04:34]} 16. Rfe1 {[%emt 0:00:53]} Nxf3+ {[%emt 0:01:42]} 17. Bxf3 {[%emt 0:00:09]} Bf5 {[%emt 0:02:24]} 18. Bg4 {[%emt 0:11:46]} Bxg4 {[%emt 0:03:06]} 19. hxg4 {[%emt 0:00:05]} Bf8 {[%emt 0:01:53]} 20. Nc2 {[%emt 0:00:17]} b5 {[%emt 0:04:07]} 21. a3 {[%emt 0:01:24]} Kf7 {[%emt 0:02:55]} 22. Kf1 {[%emt 0:01:17]} Bh6 {[%emt 0:03:40]} 23. Rxe8 {[%emt 0:09:05]} Rxe8 {[%emt 0:00:44]} 24. a4 {[%emt 0:00:53]} bxa4 {[%emt 0:01:57]} 25. Rxa4 {[%emt 0:00:03]} Bd2 {[%emt 0:06:48]} 26. Ra1 {[%emt 0:01:17]} Bh6 {[%emt 0:08:32]} 27. f3 {[%emt 0:02:36]} Ke6 {[%emt 0:02:55]} 28. Kf2 {[%emt 0:01:45]} Kd7 {[%emt 0:00:53]} 29. Bg3 {[%emt 0:00:14]} Re7 {[%emt 0:02:10]} 30. Rh1 {[%emt 0:01:46]} Bf8 {[%emt 0:00:46]} 31. Bf4 {[%emt 0:03:28]} Nc7 {[%emt 0:03:56]} 32. Bxc7 {[%emt 0:03:45]} Kxc7 {[%emt 0:00:02]} 33. Nb4 {[%emt 0:00:44]} Rf7 {[%emt 0:01:11]} 34. Nd3 {[%emt 0:00:10]} Bd6 {[%emt 0:00:36]} 35. f4 {[%emt 0:10:26]} Kb6 {[%emt 0:06:07]} 36. Kf3 {[%emt 0:00:55]} Kb5 {[%emt 0:01:00]} 37. b3 {[%emt 0:00:11]} c5 {[%emt 0:04:41]} 38. dxc5 {[%emt 0:01:12]} Bxc5 {[%emt 0:00:12]} 39. Ke2 {[%emt 0:10:17]} Re7+ {[%emt 0:00:41]} 40. Kd2 {[%emt 0:00:03]} Be3+ {[%emt 0:03:09]} 41. Kc2 {[%emt 0:00:04]} Bb6 {[%emt 0:00:41]} 42. Rd1 {[%emt 0:02:20]} Re3 {[%emt 0:02:48]} 43. Nb4 {[%emt 0:03:25]} d4 {[%emt 0:02:01]} 44. Nd5 {[%emt 0:00:10]} Rg3 {[%emt 0:02:48]} 45. c4+ {[%emt 0:00:35]} Kc6 {[%emt 0:00:51]} 46. Nxf6 {[%emt 0:00:24]} Rxg2+ {[%emt 0:01:17]} 47. Rd2 {[%emt 0:00:12]} Rg3 {[%emt 0:01:03]} 48. Rd3 {[%emt 0:00:07]} Rg2+ {[%emt 0:00:10]} 49. Rd2 {[%emt 0:00:06]} Rg1 {[%emt 0:00:22]} 50. b4 {[%emt 0:03:58]} h6 {[%emt 0:02:58]} 51. c5 {[%emt 0:02:23]} Bd8 {[%emt 0:00:49]} 52. Rxd4 {[%emt 0:00:20]} Bxf6 {[%emt 0:00:04]} 53. Rd6+ {[%emt 0:00:05]} Kc7 {[%emt 0:00:11]} 54. Rxf6 {[%emt 0:00:06]} Rxg4 {[%emt 0:00:04]} 55. b5 {[%emt 0:00:51]} g5 {[%emt 0:04:24]} 56. Rxh6 {[%emt 0:00:25]} Rxf4 {[%emt 0:00:27]} 57. Rh7+ {[%emt 0:00:11]} Kc8 {[%emt 0:02:22]} 58. Kc3 {[%emt 0:00:07]} b6 {[%emt 0:10:39]} 59. c6 {[%emt 0:00:41]} Rf5 {[%emt 0:01:12]} 60. Kc4 {[%emt 0:00:10]} Rc5+ {[%emt 0:00:06]} 61. Kb4 {[%emt 0:00:09]} Rf5 {[%emt 0:01:15]} 62. Kc4 {[%emt 0:01:10]} Rc5+ {[%emt 0:00:23]} 63. Kb4 {[%emt 0:00:01]} Rf5 {[%emt 0:00:02]} 64. Rg7 {[%emt 0:00:11]} Rf4+ {[%emt 0:00:17]} 65. Kc3 {[%emt 0:00:02]} Rf5 {[%emt 0:00:06]} 66. Kc4 {[%emt 0:00:24]} Rc5+ {[%emt 0:00:06]} 67. Kb4 {[%emt 0:00:06]} Rf5 {[%emt 0:00:04]} 68. Rg8+ {[%emt 0:03:00]} Kc7 {[%emt 0:00:01]} 69. Rg7+ {[%emt 0:00:01]} Kc8 {[%emt 0:00:00]} 70. Rd7 {[%emt 0:01:10]} Rf4+ {[%emt 0:01:41]} 71. Kc3 {[%emt 0:00:02]} Rf5 {[%emt 0:00:14]} 72. Kc4 {[%emt 0:00:07]} Rc5+ {[%emt 0:00:05]} 73. Kb4 {[%emt 0:00:04]} Rf5 {[%emt 0:00:07]} 74. Rd4 {[%emt 0:00:23]} Rf7 {[%emt 0:04:16]} 75. Kc4 {[%emt 0:00:54]} Kc7 {[%emt 0:00:45]} 76. Kd3 {[%emt 0:00:32]} Rf5 {[%emt 0:00:52]} 77. Kc4 {[%emt 0:04:09]} Rf7 {[%emt 0:00:07]} 78. Kd3 {[%emt 0:00:00]} Rf5 {[%emt 0:00:02]} 79. Rd7+ {[%emt 0:00:00]} Kc8 {[%emt 0:00:06]} 80. Kc4 {[%emt 0:00:00]} Rc5+ {[%emt 0:01:15]} 81. Kb4 {[%emt 0:00:00]} Rf5 {[%emt 0:00:12]} 82. Rd4 {[%emt 0:00:00]} Rf7 {[%emt 0:01:04]} 83. Rg4 {[%emt 0:00:00]} Rf5 {[%emt 0:00:10]} 84. Re4 {[%emt 0:00:00]} Rf7 {[%emt 0:00:16]} 85. Re8+ {[%emt 0:00:00]} Kc7 {[%emt 0:00:01]} 86. Kc4 {[%emt 0:00:20]} Rf5 {[%emt 0:00:37]} 87. Re7+ {[%emt 0:00:32]} Kc8 {[%emt 0:00:15]} 88. Re6 {[%emt 0:00:20]} Rc5+ {[%emt 0:00:23]} 89. Kb4 {[%emt 0:00:03]} Rf5 {[%emt 0:00:40]} 90. Re7 {[%emt 0:00:26]} Rf4+ {[%emt 0:00:27]} 91. Kc3 {[%emt 0:00:08]} Rf5 {[%emt 0:00:05]} 92. Kc4 {[%emt 0:05:41]} 1/2-1/2

[Event "Charlotte IM-C MLK 2022"]
[Site "Charlotte"]
[Date "2022.01.14"]
[Round "1.4"]
[White "Andrianov, Nikolay"]
[Black "Jochem, Alessandro Gil P. da"]
[Result "1/2-1/2"]
[WhiteElo "1816"]
[BlackElo "1941"]
[Annotator "RC"]
[PlyCount "35"]
[EventDate "2022.01.13"]
[EventType "tourn"]
[EventCountry "USA"]
[SourceTitle "playchess.com"]
[Source "ChessBase"]
[SourceQuality "1"]
[TimeControl "5400+30"]

1. d4 {[%emt 0:00:04]} Nf6 {[%emt 0:00:14]} 2. Nf3 {[%emt 0:00:11]} d6 {[%emt 0:00:04]} 3. g3 {[%emt 0:03:27]} g6 {[%emt 0:05:32]} 4. Bg2 {[%emt 0:00:40]} Bg7 {[%emt 0:00:02]} 5. O-O {[%emt 0:00:37]} O-O {[%emt 0:00:06]} 6. c4 {[%emt 0:01:04]} c6 {[%emt 0:00:21]} 7. Nc3 {[%emt 0:01:09]} Qb6 {[%emt 0:00:18]} 8. c5 {[%emt 0:05:56]} dxc5 {[%emt 0:01:15]} 9. Na4 {[%emt 0:00:06]} Qb5 {[%emt 0:00:08]} 10. Nxc5 {[%emt 0:00:37]} Na6 {[%emt 0:00:12]} 11. a4 {[%emt 0:04:20]} Qb6 {[%emt 0:02:27]} 12. a5 {[%emt 0:14:02]} Qb5 {[%emt 0:00:15]} 13. Nxa6 {[%emt 0:01:23]} Qxa6 {[%emt 0:00:05]} 14. Re1 {[%emt 0:00:51]} Bf5 {[%emt 0:04:26]} 15. Ne5 {[%emt 0:10:29]} Rad8 {[%emt 0:06:02]} 16. e4 {[%emt 0:02:13]} Be6 {[%emt 0:00:06]} 17. Qa4 {[%emt 0:05:42]} Ng4 {[%emt 0:09:14]} 18. Nxg4 {[%emt 0:46:39]} 1/2-1/2

[Event "Charlotte IM-C MLK 2022"]
[Site "Charlotte"]
[Date "2022.01.14"]
[Round "1.5"]
[White "Boehme, Sebastian"]
[Black "Martin Del Campo Cardenas, Roberto Abel"]
[Result "1/2-1/2"]
[WhiteElo "2170"]
[BlackElo "2261"]
[Annotator "ChessBase"]
[PlyCount "84"]
[EventDate "2022.01.13"]
[EventType "tourn"]
[EventCountry "USA"]
[SourceTitle "playchess.com"]
[Source "ChessBase"]
[SourceQuality "1"]
[TimeControl "5400+30"]

1. d4 {[%emt 0:00:04]} c5 {[%emt 0:02:24]} 2. d5 {[%emt 0:00:17]} e5 {[%emt 0:01:11]} 3. Nc3 {[%emt 0:00:47]} d6 {[%emt 0:00:50]} 4. e4 {[%emt 0:00:13]} Be7 {[%emt 0:00:55]} 5. Nf3 {[%emt 0:01:03]} a6 {[%emt 0:04:05]} 6. a4 {[%emt 0:00:26]} Bg4 {[%emt 0:00:10]} 7. h3 {[%emt 0:03:07]} Bxf3 {[%emt 0:03:26]} 8. Qxf3 {[%emt 0:00:07]} Bg5 {[%emt 0:01:30]} 9. Bxg5 {[%emt 0:03:16]} Qxg5 {[%emt 0:00:30]} 10. Qg4 {[%emt 0:00:15]} Qxg4 {[%emt 0:03:04]} 11. hxg4 {[%emt 0:00:02]} Nd7 {[%emt 0:07:01]} 12. Nd1 {[%emt 0:04:03]} Ngf6 {[%emt 0:05:14]} 13. f3 {[%emt 0:01:19]} g6 {[%emt 0:00:38]} 14. Ne3 {[%emt 0:03:57]} Ke7 {[%emt 0:08:13]} 15. Kf2 {[%emt 0:11:35]} Ne8 {[%emt 0:20:40]} 16. Bd3 {[%emt 0:05:13]} Nc7 {[%emt 0:01:56]} 17. c3 {[%emt 0:08:41]} b5 {[%emt 0:07:36]} 18. b3 {[%emt 0:22:23]} c4 {[%emt 0:03:45]} 19. bxc4 {[%emt 0:00:42]} bxa4 {[%emt 0:00:09]} 20. Bc2 {[%emt 0:04:33]} Nc5 {[%emt 0:01:24]} 21. Bxa4 {[%emt 0:03:53]} Rab8 {[%emt 0:00:22]} 22. g5 {[%emt 0:01:33]} f6 {[%emt 0:08:08]} 23. gxf6+ {[%emt 0:03:27]} Kxf6 {[%emt 0:00:04]} 24. Ra2 {[%emt 0:03:56]} h5 {[%emt 0:01:34]} 25. Nc2 {[%emt 0:01:06]} Nxa4 {[%emt 0:01:25]} 26. Rxa4 {[%emt 0:00:01]} Rb2 {[%emt 0:00:02]} 27. Rc1 {[%emt 0:00:13]} Rhb8 {[%emt 0:02:00]} 28. Ke3 {[%emt 0:00:51]} R8b6 {[%emt 0:00:30]} 29. Kd3 {[%emt 0:03:03]} h4 {[%emt 0:05:31]} 30. Ra5 {[%emt 0:15:24]} R6b3 {[%emt 0:00:36]} 31. c5 {[%emt 0:00:00]} Nb5 {[%emt 0:00:49]} 32. Na1 {[%emt 0:00:00]} Ra3 {[%emt 0:01:19]} 33. Rxa3 {[%emt 0:00:00]} Nxa3 {[%emt 0:00:03]} 34. cxd6 {[%emt 0:00:00]} Rxg2 {[%emt 0:00:07]} 35. c4 {[%emt 0:00:00]} h3 {[%emt 0:00:36]} 36. f4 {[%emt 0:00:00]} h2 {[%emt 0:01:44]} 37. fxe5+ {[%emt 0:00:00]} Kxe5 {[%emt 0:00:04]} 38. d7 {[%emt 0:00:00]} Rg3+ {[%emt 0:01:14]} 39. Ke2 {[%emt 0:00:00]} Rg2+ {[%emt 0:00:49]} 40. Kd3 {[%emt 0:01:56]} Rg3+ {[%emt 0:00:09]} 41. Ke2 {[%emt 0:02:36]} Rg2+ {[%emt 0:00:04]} 42. Kd3 {[%emt 0:01:28]} Rg3+ 1/2-1/2

[Event "Charlotte IM-C MLK 2022"]
[Site "Charlotte"]
[Date "2022.01.14"]
[Round "2.1"]
[White "Fishbein, Mitch"]
[Black "Martin Del Campo Cardenas, Roberto Abel"]
[Result "0-1"]
[WhiteElo "2129"]
[BlackElo "2261"]
[Annotator "TA"]
[PlyCount "114"]
[EventDate "2022.01.13"]
[EventType "tourn"]
[EventCountry "USA"]
[SourceTitle "playchess.com"]
[Source "ChessBase"]
[SourceQuality "1"]

{[%evp 18,114,54,58,68,67,61,68,70,63,76,67,97,83,85,84,85,78,82,80,150,141,144,161,137,120,143,-40,-25,-29,-20,-31,-18,-30,-25,-29,-16,-72,-41,-62,-62,-43,0,-49,0,-68,-37,-69,0,0,-4,-27,0,-29,-20,-100,-73,-143,-132,-143,-77,-156,-159,-159,-142,-159,-157,-148,-83,-79,-26,-325,-255,-509,-509,-509,-279,-438,-399,-343,-30,-30,0,0,0,-29989,-29990,-29990,-29991,-29991,-29992,-29992,-29993,-29993,-29994,-29994,-29994,-29994,-29995]} 1. d4 Nf6 2. c4 d6 3. Nc3 g6 4. e4 Bg7 5. Nf3 O-O 6. Be2 Bg4 7. Be3 Nfd7 {[%cal Bf6d7,Bd7c5,Bc5d3][%mdl 32]} 8. Rc1 e5 9. d5 f5 10. Ng5 f4 {Hoping for ...Bxe2. E91: King's Indian: Classical: 6 Be2, unusual replies including 6...c5 and 6...Bg4.} 11. Bxg4 Qxg5 12. Bd2 Nc5 {White is slightly better.} 13. h4 Qe7 14. h5 gxh5 15. Rxh5 Nd3+ 16. Ke2 Nxc1+ 17. Qxc1 {[#]} Nd7 $146 ({Predecessor:} 17... Rf6 18. Qh1 h6 19. g3 Nd7 20. Bf5 Re8 21. Qh3 Nf8 22. Qg4 Nh7 23. Kd1 Ng5 {1-0 (76) Liang,J (2340)-Martin Del Campo C,R (2314) Charlotte 2020}) 18. Qh1 {[%mdl 1024] White has strong compensation.} Nf6 (18... Rf7 $142) 19. Be6+ $16 Kh8 20. Rh4 h6 21. g3 $1 Nh7 22. g4 $2 (22. gxf4 $16 exf4 23. Bxf4) 22... Ng5 23. Bf5 Kg8 24. f3 Kf7 25. Rh5 ({Wrong is} 25. Rxh6 $2 Bxh6 26. Qh5+ (26. Qxh6 $2 Qf6 $19) 26... Kg8 27. Qxh6 Qg7 28. Qxg7+ Kxg7 $19) 25... Rh8 26. Be1 a6 {[%cal Ob7b5]} 27. a3 (27. b4 $11) 27... c6 28. Bf2 Qc7 29. Qd1 Bf8 (29... c5 $15 {should be considered.}) 30. Rh1 (30. b4 $11) 30... Kg7 (30... c5 $1 $15) 31. Qd3 (31. b4 $1 $11) 31... Be7 32. a4 Rab8 (32... c5 $15) 33. b4 $11 c5 34. bxc5 dxc5 35. Be1 Nf7 36. Bd2 (36. Kf2 $11 {keeps the balance.}) 36... Bf6 37. Kd1 (37. Nb1 $142) 37... Nd6 $17 {[%cal Ob7b5]} 38. Ke2 b5 $1 39. axb5 axb5 {Dancing on a razor blade.} 40. Nxb5 Nxb5 41. cxb5 c4 42. Qc3 Rxb5 {And now ...Rb3 would win.} 43. Rc1 Rc5 (43... Ra8 $17 {...Ra2 is the strong threat.} 44. Qxc4 Qxc4+ 45. Rxc4 Be7) 44. Be1 $2 {[%mdl 8192] A strong pair of Bishops.} (44. Qa1 $1 $11 {and White is okay.}) 44... Ra8 45. Bf2 $2 (45. Rc2) 45... Ra2+ $19 46. Kf1 Rca5 47. Qxc4 (47. g5 {was the only chance.} hxg5 48. Qxc4 Qxc4+ 49. Rxc4) 47... Qxc4+ 48. Rxc4 {[#]} Ra1+ $2 (48... Bd8 $1 $19 {White must now prevent ...R5a3.} 49. g5 hxg5) 49. Kg2 $11 R5a2 (49... Bd8 $5 {[%cal Ra5a2]} 50. Rc8 Ra8 $15) 50. Rc7+ Kf8 {Threatens to win with ...Rd2.} 51. d6 $2 {[%mdl 8192] [#]} (51. Rc8+ $11 Ke7 52. Rc7+ Ke8 53. Rc8+ Ke7 54. Rc7+ Ke8 55. Rc8+ Kf7 56. Rc7+ Kf8 57. Rc8+ Kg7 58. Rc7+ Kf8) 51... Bh4 $1 {Black mates.} 52. Rc8+ Kg7 53. Rc7+ Kf6 54. g5+ hxg5 55. Kh3 Rxf2 56. Kg4 Rg2+ 57. Kh5 Rh1 {Black used his chance.  Weighted Error Value: White=0.52/Black=0.33} 0-1

[Event "Charlotte IM-C MLK 2022"]
[Site "Charlotte"]
[Date "2022.01.14"]
[Round "2.3"]
[White "Wu, Derek"]
[Black "Andrianov, Nikolay"]
[Result "1/2-1/2"]
[WhiteElo "2158"]
[BlackElo "1816"]
[Annotator "TA"]
[PlyCount "35"]
[EventDate "2022.01.13"]
[EventType "tourn"]
[EventCountry "USA"]
[SourceTitle "playchess.com"]
[Source "ChessBase"]
[SourceQuality "1"]

{[%evp 13,22,24,43,45,32,45,50,29,56,-16,-18]} 1. e4 c5 2. Nf3 d6 3. d4 cxd4 4. Nxd4 Nf6 5. Nc3 Nc6 6. Bg5 e6 7. Qd3 a6 8. Nxc6 {B62: Sicilian: Richter-Rauzer: 6...e6: Unusual White 7th moves.} bxc6 9. O-O-O {[%cal Oe4e5]} h6 10. Bh4 {[%cal Oe4e5]} (10. Bf4 $5 {[%cal Rf4d6]}) 10... Be7 11. f4 (11. e5 $1 $14 dxe5 12. Qg3) 11... d5 {[#] White did not feel at home in the position after the opening.  Weighted Error Value: White=0.30/Black=0.16 (very precise)} {Predecessor:} 12. Be2 $146 Nd7 13. Bxe7 Qxe7 14. Rhe1 O-O 15. Bf3 Qb4 16. a3 Qb6 17. exd5 cxd5 18. Qd4 {0-1 (57) Fragkou,E (1974)-Markaki,S (1670) Achaia 2017} 1/2-1/2

[Event "Charlotte IM-C MLK 2022"]
[Site "Charlotte"]
[Date "2022.01.14"]
[Round "2.4"]
[White "Adewumi, Tanitoluwa"]
[Black "Ngo, Bach"]
[Result "1-0"]
[WhiteElo "2136"]
[BlackElo "2300"]
[Annotator "TA"]
[PlyCount "93"]
[EventDate "2022.01.13"]
[EventType "tourn"]
[EventCountry "USA"]
[SourceTitle "playchess.com"]
[Source "ChessBase"]
[SourceQuality "1"]

{[%evp 18,93,35,15,31,24,34,17,20,14,27,8,14,0,12,0,25,12,21,-25,-15,-43,0,-6,-8,-10,-14,-23,-25,-25,-20,-17,0,-17,-12,-30,-18,-29,-27,-25,0,-44,-51,-40,0,0,0,0,0,0,254,247,258,245,243,233,271,210,331,327,343,250,361,345,483,476,5065,698,29979,29980,29978,29978,29978,29979,29984,29985,29985,29983]} 1. d4 Nf6 2. c4 e6 3. Nf3 b6 4. g3 Bb7 5. Bg2 Bb4+ 6. Bd2 c5 7. Bxb4 cxb4 8. O-O O-O 9. Qd3 d6 10. Nbd2 a5 {is recently more successful than 10...Qc7. E16: Queen's Indian: 4 g3 Bb7 5 Bg2 Bb4+.} 11. a3 Na6 12. e4 e5 {The position is equal.} 13. Rfe1 {[%cal Oc4c5]} (13. dxe5 dxe5 14. Qxd8 (14. Nxe5 $2 Qxd3 15. Nxd3 Rad8 $19) 14... Rfxd8 $15) 13... Qc7 {[#]} 14. Rac1 $146 ({Predecessor:} 14. Rad1 Rfe8 15. Nh4 bxa3 16. bxa3 exd4 17. Qxd4 Nc5 18. Nf5 Rad8 19. Rb1 Re6 20. g4 {1-0 (86) Shen,Y (2415)-Tan,Z (2490) Zhongshan 2013}) 14... Rfe8 15. Re2 Bc6 16. Ne1 b5 17. Nb3 (17. cxb5 {[#]} Bxb5 $1 18. Nc4 exd4 $17) 17... Qb6 {Strongly threatening ...bxc4.} 18. c5 (18. dxe5 $142 $1 dxe5 19. Qe3 Qxe3 20. Rxe3) 18... dxc5 $11 19. Nxc5 (19. dxc5 {feels hotter.} Qc7 20. Qd6 bxa3 21. bxa3 Red8 22. Qxc7 Nxc7 23. Nf3) 19... Rad8 (19... bxa3 {looks sharper.} 20. bxa3 Rad8 21. Nb3 a4 22. d5 Bd7) 20. Nxa6 {[%cal Od4d5]} Rxd4 21. Nxb4 Rxd3 22. Rxc6 Qb7 23. Nexd3 {And now Nc5 would win.} axb4 24. Nxb4 Rc8 25. Rec2 Rxc6 26. Rxc6 Qd7 {Hoping for ...Qd1+.} 27. Nd5 Nxd5 28. exd5 {[%mdl 4096] Endgame KQ-KRB} f5 29. d6 (29. Rc5 $11) 29... e4 $15 30. Rb6 g6 (30... Qe6 $5 {[%cal Re4e3]} 31. Rxb5 g6 $11) 31. Bf1 e3 {[%cal Of5f4]} 32. Bxb5 Qa7 {Prevents Rb8+.} 33. Rc6 $1 Qb7 $2 {[%mdl 8192] [#]} (33... exf2+ $11 {and Black is okay.} 34. Kg2 (34. Kf1 Qe3 $15) 34... Qa5) 34. fxe3 $1 $18 {[%cal Od6d7] d7! is the strong threat.} Qxb5 {[#]} 35. d7 $1 {[%mdl 512]} Qxc6 36. d8=Q+ {KQ-KQ} Kg7 37. Qd4+ Kh6 (37... Kf7 $142 38. Qd2 h6) 38. Qd2 Qe4 39. Qc1 {To avoid Qb1} Kg5 (39... g5 {is a better defense.} 40. b4 Qd3) 40. b4 h5 41. h4+ Kg4 (41... Kh6 $142 42. Kf2 Qb7 43. e4+ Kh7 44. exf5 gxf5) 42. Qd2 (42. Qd1+ $142 Kxg3 43. Qe1+ Kg4 44. Qf2) 42... Kxg3 {Threatens to win with ...Qb1+.} 43. Qh2+ {White mates.} Kf3 44. Qf2+ Kg4 45. Qg2+ Kxh4 46. Qxe4+ fxe4 47. b5 {Weighted Error Value: White=0.24 (precise) /Black=0.42} 1-0